| 000 | 01153nam0a22003851 4500 | ||
|---|---|---|---|
| 001 | v19\rc\1889703 | ||
| 005 | 20251118180359.9 | ||
| 035 | _a(NLR Aleph) 004977399 | ||
| 090 |
_a6148893 _c6148893 |
||
| 100 | _a20080221d1910 u y0rusy50 ca | ||
| 101 | 1 |
_arus _cger |
|
| 102 | _aRU | ||
| 105 | _ay z ||||| | ||
| 200 | 1 |
_aЕдинственный и его достояние _fМакс Штирнер _gПер. под ред. И.А. |
|
| 210 |
_aСанкт-Петербург _cтип. "Сириус" _d1910 |
||
| 215 |
_a[2], 276 с. _d25 |
||
| 532 | 1 | 3 | _aЕдинственный и его достояние |
| 700 | 1 |
_aШтирнер _bМ. _f1806-1856 _gМакс |
|
| 702 | 0 |
_aИ. А. _4340 |
|
| 801 | 0 |
_aRU _bNLR _gpsbo |
|
| 801 | 0 |
_aRU _bRuMoRGB _2psbo |
|
| 801 | 1 |
_aRU _bProSoft-M _2rusmarc |
|
| 852 |
_aNLR _j38.76.7.32 |
||
| 852 |
_aNLR _j103/511 |
||
| 899 |
_aRuMoRGB _jU 67/78 |
||
| 899 |
_aRuMoRGB _jH 5/414 |
||
| 899 |
_aRuMoRGB _jФ 1-77/11040 |
||
| 899 |
_aRuMoRGB _j801-87/6657-7 |
||
| 899 | _aБАН | ||
| 899 | _aНБ СПбГУ | ||
| 899 | _aГПИБ | ||
| 899 | _aНБ МГУ | ||
| 942 | _cBOOK | ||
| 980 | _aNB | ||